000
00501nam a2200181Ia 4500
008
090124s9999 xx 000 0 und d
082
_b
115361
100
_a
शेंडे ना.रा.
245
_a
काजळी रात्र
250
_a
1
260
_c
1956
300
_a
208
600
_a
शेंडे ना.रा.
630
_a
काजळी रात्र
700
_a
शेंडे ना.रा.
730
_a
काजळी रात्र
942
_c
BOOK
999
_c
161452
_d
161452